'S' Country per Second Letter Quiz Stats

 Plays Quiz Updated Jul 2, 2018

Also try: Country per Letter
Challenge
Share
Tweet
Embed
Score 0/10 Timer 01:00
3 Plays Today
Second Letter Country % Correct
WSweden, Switzerland
92.9%
PSpain
91.7%
LSlovakia, Slovenia
87.5%
USudan, Suriname
86.1%
OSolomon Islands, Somalia, South Africa, South Korea, South Sudan
83.7%
ESenegal, Serbia, Seychelles
83.1%
YSyria
80.2%
RSri Lanka
76.6%
ASaint Lucia, Saint Kitts and Nevis, Saint Vincent, Samoa, San Marino, São Tomé and Príncipe, Saudi Arabia
75.8%
ISierra Leone, Singapore
54%

You're not logged in!

Compare scores with friends on all Sporcle quizzes.
OR
Log In

You Might Also Like...

Show Comments

Extras

Top Quizzes Today


Score Distribution

Your Account Isn't Verified!

In order to create a playlist on Sporcle, you need to verify the email address you used during registration. Go to your Sporcle Settings to finish the process.

Report this User

Report this user for behavior that violates our Community Guidelines.

Details: